000 00353pab a2200157 454500
008 180718b1999 xxu||||| |||| 00| 0 eng d
100 _aGill, K.P.S.
245 _aHuman rights industry and terrorism
260 _c1999
300 _ap.8
362 _a25 Dec
650 _aTerrorism
650 _aHuman rights
773 _aPioneer
909 _a44255
999 _c44255
_d44255